000
00337 a2200157 4500
001
46870
020
_a
8572721339
040
_c
Anchieta - Aquarius
100
_a
Pozenato, José Clemente
240
1
0
_a
Pisca-tudo
_l
por
245
1
0
_a
Pisca-tudo
300
_a
362
0
_a
2000
650
4
_a
Literatura infanto-juvenil
942
_c
BK
999
_c
46870
_d
46870